000 00653nam a22002297a 4500
003 OSt
005 20140310181927.0
008 130720t xxu||||| |||| 00| 0 eng d
020 _a97800283100177
050 _aLB 1573
_b.Sc416t 2000
082 _aTRE 428.4076s
_bSci2te 2000
110 _aScience Research Associates
245 _aInquiry journal. Level 3 /
260 _aColumbus, Ohio :
_bSRA/McGraw-Hill,
_cc2000.
300 _a108 p. :
_bill. ;
_c28 cm.
521 _aFaculty
541 _j1
562 _e1
610 _aScience Research Associates
650 _a Reading
_xAbility and testing.
_92410
942 _2lcc
_cBK-TR
_kTRE
999 _c7201
_d7201